header

Bridging a gulf (Record no. 79173)

MARC details
000 -LEADER
fixed length control field 01415nam a2200361Ia 4500
082 04 - DEWEY DECIMAL CLASSIFICATION NUMBER
Classification number 327.17209536
245 00 - TITLE STATEMENT
Title Bridging a gulf
260 ## - PUBLICATION, DISTRIBUTION, ETC. (IMPRINT)
Place of publication London :
Name of publisher I.B. Tauris,
Year of publication 2003.
300 ## - PHYSICAL DESCRIPTION
Number of Pages xvi, 252 p.
490 1# - SERIES STATEMENT
Series statement Toda Institute book series on global peace and policy ;
650 #0 - SUBJECT ADDED ENTRY--TOPICAL TERM
Topical Term Reconciliation.
Topical Term Pacific settlement of international disputes.
700 1# - ADDED ENTRY--PERSONAL NAME
Personal name Tehranian, Majid.
856 40 - ELECTRONIC LOCATION AND ACCESS
Uniform Resource Identifier http://site.ebrary.com/lib/rucke/Doc?id=10132921

No items available.

© 2026 Rongo University
Contact us: librarian | system librarian | Rongo university